000 00644cab a2200229 4500
001 WB2523-06
008 090401t1989 xxu||||| |||| 00| 0 eng d
035 _a(Sirsi) u58388
041 _aeng
245 _a`Green` power stations planned
260 _c1989
350 _a0
490 _aWestern Mail
_v14/6/89 p16
520 _aBritish Coal is planning to build two new "environment friendly" power stations in South Wales .
650 _aACID RAIN
650 _aCONSERVATION
650 _aGREENHOUSE EFFECT
650 _aNUCLEAR POWER
690 _aENVIRONMENTAL AND LAND CONSULTANCY-ENERGY
942 _n0
948 _c04/03/1997
999 _c35639
_d35639